| 000 | 00987nam a2200277 a 4500 | ||
|---|---|---|---|
| 001 | BRCA_4860 | ||
| 005 | 20190320204832.0 | ||
| 008 | 230610s1943----nyua######---#000-0#eng-# | ||
| 041 | _aeng | ||
| 044 | _anyu | ||
| 050 | 4 |
_aND813.G6 _b.C66 2 _c1943 |
|
| 245 | 1 | 0 |
_aThe Complete Etchings of Goya _cwith a foreword by Aldous Huxley. |
| 260 |
_aNueva York _bCrown _c1943 |
||
| 300 |
_a16 p. _bil. _c31 cm. |
||
| 500 | _aIncluye índice de ilustraciones | ||
| 500 | _aEjemplar igual a AA112 y D116 | ||
| 500 | _aCEF79 | ||
| 505 | 0 | _aLos caprichos, 80 láminas. Los desastres de la guerra, 83 láminas. La tauromaquia,44 láminas. Los proverbios o disparates, 22 láminas. Miscelanea, 39 láminas | |
| 600 | 1 | 4 |
_aGoya y Lucientes, Francisco José de _d1746-1828 _911075 |
| 650 | 1 | 4 |
_aAguafuertistas españoles _97772 |
| 650 | 1 | 4 |
_aGrabadores españoles _97740 |
| 650 | 1 | 4 |
_aPintores españoles _97620 |
| 700 | 1 |
_aHuxley, Aldous _eProloguista _912290 |
|
| 902 | _aGFM | ||
| 942 |
_2lcc _cB |
||
| 999 |
_c4554 _d4554 |
||